Vara de madera noble / (Record no. 113305)

MARC details
000 -LEADER
campo de control de longitud fija 00492nam a2200169 4500
001 - NÚMERO DE CONTROL
campo de control 113305
003 - IDENTIFICADOR DE NÚMERO DE CONTROL
campo de control ES-MaACL
005 - FECHA Y HORA DE LA ÚLTIMA TRANSACCIÓN
campo de control 20230906185835.0
007 - CAMPO FIJO DE DESCRIPCIÓN FÍSICA--INFORMACIÓN GENERAL
campo de control de longitud fija t|
008 - DATOS DE LONGITUD FIJA--INFORMACIÓN GENERAL
campo de control de longitud fija 061121s1963 sp r ||||1| spa d
100 1# - ENTRADA PRINCIPAL--NOMBRE DE PERSONA
Nombre de persona Nzekwu, Onuora.
9 (RLIN) 86272
245 10 - MENCIÓN DEL TÍTULO
Título Vara de madera noble /
Mención de responsabilidad, etc. Onuora Nzekwu ; versión española de Roberto Melgar.
260 ## - PUBLICACIÓN, DISTRIBUCIÓN, ETC.
Lugar de publicación, distribución, etc. Barcelona :
Nombre del editor, distribuidor, etc. Caralt,
Fecha de publicación, distribución, etc. 1963.
300 ## - DESCRIPCIÓN FÍSICA
Extensión 208 p. ;
Dimensiones 22 cm.
700 1# - ENTRADA AGREGADA--NOMBRE PERSONAL
Nombre de persona Melgar, Roberto.
9 (RLIN) 79949
852 ## - LOCALIZACIÓN
Ubicación ES-MaACL
Número de control de estantería C-23913
Sublocalización o colección R.52720
Holdings
Estatus retirado Estado de pérdida Estado de daño No para préstamo Biblioteca de origen Biblioteca actual Ubicación en estantería Fecha de adquisición Fuente de adquisición Total de préstamos Signatura topográfica completa Código de barras Visto por última vez Precio de reemplazo Tipo de ítem Koha
        Biblioteca del Ateneo de Madrid Biblioteca del Ateneo de Madrid Depósito 2 17/01/2008     C-23913 1118180 23/02/2023 23/02/2023 Libro impreso